| 000 | 00743nam a2200217 i 4500 | ||
|---|---|---|---|
| 001 | 31790 | ||
| 003 | ES-MaACL | ||
| 005 | 20250701212927.0 | ||
| 007 | t| | ||
| 008 | 030130s1947 ag ||||1| spa d | ||
| 100 | 1 |
_aBeck, Maximilian. _926927 |
|
| 245 | 1 | 0 |
_aPsicología _b: esencia y realidad del alma / _cMaximilian Beck ; [traducción por Francisco Ayala y Otto Langfelder]. |
| 260 |
_aBuenos Aires : _bLosada, _c[1947] ( _fBartolomé U. Chiesino) |
||
| 300 |
_a351 p. ; _c21 cm. |
||
| 490 | 1 | _aBiblioteca filosófica | |
| 700 | 1 |
_aAyala, Francisco, _d1906-2009 _924111 |
|
| 700 | 1 |
_aLangfelder, Otto. _970047 |
|
| 830 | 0 | 0 |
_aBiblioteca filosófica _9179275 |
| 852 |
_aES-MaACL _jB-7814 _bR.29330 |
||
| 999 |
_c31790 _d31790 |
||